Cliquez sur le dieu #1 : Égypte 1/3 - Statistiques

Statistiques générales
  • Ce quiz a été pris 486 fois
  • Le résultat moyen est 6 sur 15
Statistiques - réponses
Hint Réponse % Correct
Soleil, créateur du monde Rê ou Ra
92%
Chacal, maître des embaumeurs, guide des morts Anubis
75%
Bec crochu, regard perçant Horus
51%
Violence, discorde Seth
48%
Magicienne Isis
46%
Joie, musique, amour, vache, maternité Hathor
38%
Grand, règne sur l'Égypte Osiris
38%
Ciel, corps parsemé d'étoiles Nout
32%
Scarabée, roule l'astre solaire Khépri
28%
Ressemble à sa sœur Nephtys
28%
Terre, allongé sur le sol Geb
27%
Souffle, air, vide Chou
18%
Soir,fin du voyage Atoum
15%
Humidité, chaleur Tefnout
14%
Symbole de paix, divinité nouricière Harsomtous
8%
Aucun quiz correspondant
Distribution des résultats
% des personnes avec chaque résultat
Percentile par nombre de réponses
Votre historique - résultats
Vous n’avez pas pris ce quiz